000 00755nam a2200217 a 4500
001 000008358
005 20200929161331.0
008 090916s1995 dr a 000 p spa d
040 _aDO-SdBNP
_bspa
_cBNPHU
082 _aRD863.44
_bA634c
111 2 _aConcurso de cuentos Radio Santa María
_n(2do :
_d1994 :
_c[La Vega])
_922559
245 1 0 _aAntología :
_b2do concurso de cuentos 1994.
246 1 2 _aSegundo concurso de cuentos 1994
260 _aSanto Domingo :
_bAmigo del Hogar,
_c1995.
300 _a113 p. :
_bil. ;
_c23 cm.
650 4 _aCuentos dominicanos
_xAntologías
_922560
650 4 _aLiteratura dominicanos
_922561
650 4 _aCertámenes literarios
_zRepública Dominicana
_96650
710 2 _aRadio Santa María
_922562
049 _aBNPD
999 _c8129
_d8129